Normal view MARC view
  • Bibliografía

Entry Materia

Number of records used in: 10

001 - NÚMERO DE CONTROL DEL REGISTRO

  • campo de control: 321

003 - IDENTIFICADOR DE NUMERO DE CONTROL

  • campo de control: MX-MxUPN

005 - FECHA Y HORA DE LA ÚLTIMA TRANSACCIÓN

  • campo de control: 20230807154704.0

008 - DATOS DE LONGITUD FIJA

  • campo de control de longitud fija: 230807n||acnnnbabn | ana |d

035 ## - NÚMERO DE CONTROL DEL SISTEMA

  • Número de control del sistema: UPN10000000321

040 ## - FUENTE DE LA CATALOGACIÓN

  • Centro catalogador de origen: MX-MxUPN
  • Lengua de catalogación: spa
  • Agencia de transcripción: MX-MxUPN

150 ## - ENCABEZAMIENTO - TEMÁTICO

  • Término de materia o nombre geográfico como elemento inicial: Bibliografía

360 ## - REFERENCIA COMPLEJA DE VÉASE ADEMÁS - MATERIA

  • Texto explicativo: Véase también como Literaturas. Ej.:
  • Encabezamiento al que se remite: LITERATURA BRASILEÑA - BIBLIOGRAFIA
  • Texto explicativo: y subdivisión de
  • Encabezamiento al que se remite: BIBLIOGRAFIA
  • Texto explicativo: bajo nombres de personas, lugares y materias en general

450 ## - VÉASE - MATERIA

  • Encabezamiento temático: Bibliografía crítica

670 ## - FUENTE EN LA QUE SE LOCALIZARON DATOS

  • Cita de la fuente: E

902 ## - CATALOGADOR

  • Catalogador: MMA/170496